Szent-Györgyi tisztelete. Fordítani csak pontosan, szépen
[Egy cikk fordítása kapcsán. Lsd.: Nature, 1988. febr. 4. és Magyarország, 1988. máj. 6. Lsd. még: Magyarország, 1988. jún. 24.]
Elmentve itt :
| Szerző: | |
|---|---|
| Dokumentumtípus: | Cikk |
| Megjelent: |
1988-08-13
|
| Sorozat: | Delta – Impulzus
4 No. 16 |
| Online Access: | http://misc.bibl.u-szeged.hu/72837 |
| LEADER | 00752nab a2200181 i 4500 | ||
|---|---|---|---|
| 001 | misc72837 | ||
| 005 | 20231117154615.0 | ||
| 008 | 231117s1988 hu o 000 hun d | ||
| 040 | |a SZTE Miscellanea Repozitórium |b hun | ||
| 041 | |a hun | ||
| 100 | 1 | |a Marton János | |
| 245 | 1 | 0 | |a Szent-Györgyi tisztelete. Fordítani csak pontosan, szépen |h [elektronikus dokumentum] / |c Marton János |
| 260 | |c 1988-08-13 | ||
| 300 | |a 25 | ||
| 490 | 0 | |a Delta – Impulzus |v 4 No. 16 | |
| 520 | 3 | |a [Egy cikk fordítása kapcsán. Lsd.: Nature, 1988. febr. 4. és Magyarország, 1988. máj. 6. Lsd. még: Magyarország, 1988. jún. 24.] | |
| 561 | |a Szent-Györgyi Albertről szóló irodalom | ||
| 856 | 4 | 0 | |u http://misc.bibl.u-szeged.hu/72837/1/szgya_1988_011.pdf |z Dokumentum-elérés |